| 000 | 00488 a2200193 4500 | ||
|---|---|---|---|
| 001 | 138065 | ||
| 020 | _a9788531401152 | ||
| 040 | _cLeonardo Da Vinci | ||
| 041 | _aPortuguês | ||
| 082 |
_a531 G892f _bG892f |
||
| 100 | _aGRUPO DE REELABORAÇÃO DO ENSINO DE FÍSICA | ||
| 245 |
_aFísica 3 _beletromagnetismo |
||
| 250 | _a5. ed | ||
| 260 |
_bEDUSP _c2017 _aSão Paulo |
||
| 300 | _a438 | ||
| 362 | _a20170000 | ||
| 697 |
_aFísica _aEletromagnetismo _aEnsino médio |
||
| 942 | _cBK | ||
| 999 |
_c138065 _d138065 |
||